150 años de prensa leridana / (Record no. 171450)

MARC details
000 -LEADER
campo de control de longitud fija 00850nam a22001935i 4500
001 - NÚMERO DE CONTROL
campo de control 171450
003 - IDENTIFICADOR DE NÚMERO DE CONTROL
campo de control ES-MaACL
005 - FECHA Y HORA DE LA ÚLTIMA TRANSACCIÓN
campo de control 20230906214634.0
008 - DATOS DE LONGITUD FIJA--INFORMACIÓN GENERAL
campo de control de longitud fija 090514s1964 sp |||| | spa d
080 ## - NÚMERO DE LA CLASIFICACIÓN DECIMAL UNIVERSAL
Número de la Clasificación Decimal Universal 016:05(467.12 L.)
100 1# - ENTRADA PRINCIPAL--NOMBRE DE PERSONA
Nombre de persona Sol i Clot, Romà.
9 (RLIN) 140170
245 10 - MENCIÓN DEL TÍTULO
Título 150 años de prensa leridana /
Mención de responsabilidad, etc. por Román Sol Clot.
260 ## - PUBLICACIÓN, DISTRIBUCIÓN, ETC.
Lugar de publicación, distribución, etc. Lérida :
Nombre del editor, distribuidor, etc. Instituto de Estudios Ilerdenses,
Fecha de publicación, distribución, etc. 1964.
300 ## - DESCRIPCIÓN FÍSICA
Extensión LXII, 528 p. ;
Dimensiones 24 cm.
594 ## - Nota al título y mención de responsabilidad
Nota al título y mención de responsabilidad Precde al tit.: Instituto de Estudios Ilerdenses de la Excma. Diputación Provincial de Lérida, Patronato "José Mª Quadrado" de Estudios e Investigaciones locales del Consejo Superior de Investigaciones Científicas.
650 14 - PUNTO DE ACCESO ADICIONAL DE MATERIA--TÉRMINO DE MATERIA
Término de materia o nombre geográfico como elemento de entrada Publicaciones periódicas-
Subdivisión geográfica España-
Subdivisión de forma Bibliografías.
9 (RLIN) 140171
710 2# - ENTRADA AGREGADA--NOMBRE DE ENTIDAD CORPORATIVA
Nombre de entidad corporativa o nombre de jurisdicción como elemento de entrada Instituto de Estudios Ilerdenses.
9 (RLIN) 4911
852 ## - LOCALIZACIÓN
Ubicación ES-MaACL
Número de control de estantería C-26608
itemnumber R.55684
Holdings
Estatus retirado Estado de pérdida Estado de daño No para préstamo Biblioteca de origen Biblioteca actual Ubicación en estantería Fecha de adquisición Fuente de adquisición Total de préstamos Signatura topográfica completa Código de barras Visto por última vez Precio de reemplazo Tipo de ítem Koha
        Biblioteca del Ateneo de Madrid Biblioteca del Ateneo de Madrid Depósito 2 14/05/2009     C-26608 1179927 23/02/2023 23/02/2023 Libro impreso